000 00717cam a22002413a 4500
001 12326
003 PGUSA
005 20140828083247.0
008 040501s2004||||xxu|||||s|||||000 | eng d
040 _aPGUSA
_beng
042 _adc
050 4 _aPN
100 1 _aTerry, Ellen,
_d1848-1928
245 1 4 _aThe Story of My Life :
_bRecollections and Reflections
_h[electronic resource] /
_cEllen Terry
260 _bProject Gutenberg,
_c2004
506 _aPublic domain in the USA.
516 _aElectronic text
653 _aTerry, Ellen, Dame, 1847-1928
653 _aActors -- Great Britain -- Biography
830 0 _aProject Gutenberg
_v12326
856 4 0 _uhttp://www.gutenberg.org/ebooks/12326
942 _cEB
999 _c241581
_d241581